Представление документа в формате RUSMARC

Поле Инд. ПП Название Значение
Тип записи a
Библиографический уровень a
001 Контрольный номер 626870c001414e53b4b266795b2d8b1d
005 Дата корректировки 20181120134549.9
100 a Данные общей обработки 20180910 ||| 0rusy0189 ca
101 0_ a Язык текста rus
102 a Страна публикации RU
200 1_ f Первые сведения об ответственности Д.М. Берова, А.М. Факов
a Заглавие О некоторых проблемах уголовно-процессуального доказывания в Российской Федерации
b Общее обозначение материала Текст
210 d Дата издания 2018
461 _0 1 2000
a Закон и право
463 _0 1 2000
a №9
v С. 86-89
1 2101
d 2018
1 00148081bf1703f4431888fdb211a74b0ba
606 a Основная рубрика Уголовно-процессуальное право
610 0_ a Ключевые слова УГОЛОВНЫЙ ПРОЦЕСС
a Ключевые слова ДОКАЗЫВАНИЕ
700 _1 a Фамилия Берова
b Имя Д.М.
701 _1 a Фамилия Факов
b Имя А.М.
801 _0 a Страна RU
b Организация РГУП
c Дата составления 20180910
g Правила каталогизации PSBO
801 _1 a Страна RU
b Организация РГУП
c Дата составления 20180910
g Правила каталогизации PSBO
901 t Тип документа b
w Контрольный № источника 48081bf1703f4431888fdb211a74b0ba
905 a Дата ввода 20180910